=LDR 00000nam 2200000 4500 =001 INLIS000000000014647 =005 20130612105927 =008 ***********************************Ind** =035 ##$$0010-061300000014647 =041 ##$$a Ind =082 ##$$a 635.937372 =090 ##$$a 635.933 372, Suk m =100 ##$$a Sukarno =245 ##$$a mawar, Sukarno, nampiah =260 ##$$a 1989 $b Jakarta =300 ##$$a x, 121 hlm, Ilus, 12 cm =650 ##$$a Mawar(Bunga) =700 ##$$a Nampiah =850 ##$$a NBPNMAT